MARC details
| 000 -LEADER |
| fixed length control field |
00987cab a2200229 4500 |
| 001 - CONTROL NUMBER |
| control field |
WB3417-35 |
| 008 - FIXED-LENGTH DATA ELEMENTS--GENERAL INFORMATION |
| fixed length control field |
090401t1998 xxu||||| |||| 00| 0 eng d |
| 035 ## - SYSTEM CONTROL NUMBER |
| System control number |
(Sirsi) u86102 |
| 041 ## - LANGUAGE CODE |
| Language code of text/sound track or separate title |
eng |
| 245 ## - TITLE STATEMENT |
| Title |
Subsidence |
| 260 ## - PUBLICATION, DISTRIBUTION, ETC. |
| Date of publication, distribution, etc. |
1998 |
| 350 ## - PRICE (NR) (BK AM CF MU VM SE) [OBSOLETE] |
| Price |
0 |
| 490 ## - SERIES STATEMENT |
| Series statement |
Estates Gazette Case Summaries |
| Volume/sequential designation |
[1998] EGCS 65 (2/5/98) |
| 520 ## - SUMMARY, ETC. |
| Summary, etc. |
"Wilkes v Coal Authority" CA 23 April 1998. Working of coal near claimant`s land. Subsidence occuring on land so claimant made claim under Coal-Mining (Subsidence) Act 1957 s1(2) for remedial works to be undertaken by Coal Authority. Whether subsidence caused by working of coal and whether subsidence affected fitness of land for intended purposes. Lands Tribunal allowing claim. Coal Authority appealed. Appeal dismissed. |
| 650 ## - SUBJECT ADDED ENTRY--TOPICAL TERM |
| Topical term or geographic name entry element |
COAL EXTRACTION |
| 650 ## - SUBJECT ADDED ENTRY--TOPICAL TERM |
| Topical term or geographic name entry element |
COAL MINING (SUBSIDENCE) ACT 1957 |
| 650 ## - SUBJECT ADDED ENTRY--TOPICAL TERM |
| Topical term or geographic name entry element |
COMPENSATION |
| 650 ## - SUBJECT ADDED ENTRY--TOPICAL TERM |
| Topical term or geographic name entry element |
SUBSIDENCE |
| 690 ## - LOCAL SUBJECT ADDED ENTRY--TOPICAL TERM (OCLC, RLIN) |
| Topical term or geographic name as entry element |
MINING AND MINERALS-CASE LAW |
| 942 ## - ADDED ENTRY ELEMENTS (KOHA) |
| Suppress in OPAC |
0 |
| 948 ## - LOCAL PROCESSING INFORMATION (OCLC); SERIES PART DESIGNATOR (RLIN) |
| c (OCLC) |
08/05/1998 |